000 00496nam a22001817a 4500
005 20251108164139.0
008 250721s9999 xx 000 0 ara d
082 1 4 _aق/هيج
100 1 _aهيجو، فيكتور
245 1 0 _aأحدب نوتردام - باريس /
264 1 _aبيروت :
_bمكتبة الحياة،
300 _a413ص
650 1 7 _aالروايات
650 1 7 _aالأدب المترجم
650 1 7 _aالأدب القصصي
942 _2ddc
_cBK
999 _c4805
_d4805